000 03322cam a22012614i 4500
003 PE-LiUPU
005 20250813185625.0
008 150706s2012 pe a rb 000 0 spa d
020 _a9786124088452
035 _a(Sirsi) i9786124088452
040 _aPE-LiUPU
_bspa
_cPE-LiUPU
_erda
049 _aPRUA
082 0 4 _a332.1
_bA45
_221
100 1 _aAlva Gómez, Juan Amadeo,
_eautor.
245 1 3 _aEl reordenamiento del sistema bancario peruano /
_cJuan alva Gómez y Félix Rivas Gómez.
250 _a1a ed.
264 1 _aLima :
_bUniversidad San Martín de Porras,
_c2012.
300 _a265 páginas :
_bilustraciones ;
_c25 cm.
336 _atext
_2rdacontent
337 _aunmediated
_2rdamedia
338 _avolume
_2rdacarrier
504 _aIncluye bibliografía.
505 0 _aLos reordenamientos en los últimos 80 años -- Intentos de reformas bancarias -- La década de la quiebra 1980 -01990 -- Circunstancias que compelen al reordenamiento -- El reordenamiento de los años noventa -- Resistencia y propuesta de reordenamiento.
526 _aP202
526 _aP201
526 _aP163
526 _aP162
526 _aP161
526 _aP160
526 _aP148
526 _aP147
526 _aP146
526 _aP145
526 _aP144
526 _aP143
526 _aP142
526 _aP141
526 _aP140
526 _aP139
526 _aP138
526 _aP137
526 _aP136
526 _aP135
526 _aP134
526 _aP133
526 _aP129
526 _aP128
526 _aP127
526 _aP120
526 _aP119
526 _aP118
526 _aP116
526 _aP115
526 _aP114
526 _aP110
526 _aP109
526 _aP108
526 _aP104
526 _aP103
526 _aP102
526 _aP99
526 _aP98
526 _aP97
526 _aP96
526 _aP95
526 _aP93
526 _aP90
526 _aP89
526 _aP88
526 _aP83
526 _aP82
526 _aP62
526 _aP59
526 _aP58
526 _aP57
526 _aP51
526 _aP49
526 _aP48
526 _aP47
526 _aP29
526 _aP24
526 _aP20
526 _aP19
526 _aP17
526 _aP15
526 _aP14
526 _aP12
526 _aP10
526 _aP09
526 _aP08
526 _aP07
526 _aP06
526 _aP05
526 _aP04
526 _aP01
541 _g001-000024;
650 0 4 _aBancos
_zPerú
_y1931-1990.
650 0 4 _aSistema bancario
_zPerú.
650 0 4 _aBancos
_xHistoria
_zPerú
_ySiglo XX.
700 1 _aRivas Gómez, Félix Victor,
_eautor.
710 2 _aUniversidad de San Martín de Porres (Lima). Fondo Editorial
910 _agl
_clch
_d20130814
942 _2ddc
_cBOOK
949 _a332.1 A45
_wDEWEY
_c1
_i68014
_lCCODEBUL1
_mBUL
_p15.00
_r0
_sY
_tBOOK
_u2015-7-6
_xFCE
_PP04
_o.STAFF. Colección General
994 _aC0
_bPEPRU
596 _a1
999 _a332.1 A45
_wDEWEY
_c55482
_i68014
_d55482
_e2018-5-31
_f2021-11-5
_g6
_lCCODEBUL1
_mBUL
_n3
_p15.00
_r0
_sY
_tBOOK
_u2015-7-6
_xFCE
_PP04
_0COMPRA
_o.STAFF. Colección General
980 _81
_gALBERTO SANCHEZ Responsable de Automatización